[Event "GER-ch U12"]
[Site "Magdeburg"]
[Date "2014.06.13"]
[Round "9"]
[White "Garbuz, Nicole"]
[Black "Kurzweil, Naemi"]
[Result "1-0"]
[WhiteElo "1389"]
[BlackElo "1231"]
[PlyCount "81"]
[EventDate "2014.06.08"]
[EventType "swiss"]
[EventRounds "11"]
[EventCountry "GER"]
[SourceTitle "CBM 160 Extra"]
[Source "ChessBase"]
[SourceDate "2014.07.01"]
[SourceVersion "1"]
[SourceVersionDate "2014.07.01"]
[SourceQuality "1"]

1. e4 e5 2. Nf3 Nc6 3. Bc4 Bc5 4. c3 Bd6 5. d4 Nf6 6. 0-0 b6 7. dxe5 Nxe5 8. Nxe5 Bxe5 9. Be3 0-0 10. f4 Nxe4 11. fxe5 Bb7 12. Bd5 Bxd5 13. Qxd5 Ng5 14. Bxg5 Qxg5 15. Nd2 Rae8 16. Nf3 Qg4 17. Qb7 Re6 18. Qxc7 Rg6 19. Rf2 a5 20. b3 Re8 21. Qc4 Qh5 22. Re1 Rf8 23. Re4 Qh6 24. Rf1 Qh3 25. Rf2 Qh6 26. Rd2 Qh5 27. Qd3 Rg4 28. Rxg4 Qxg4 29. Qxd7 Qe4 30. Qd3 Qc6 31. Ng5 g6 32. Qh3 h5 33. Qf3 Qc5+ 34. Rf2 Qc7 35. Ne6 Qe7 36. Nxf8 Qxf8 37. Qe3 Qd8 38. e6 fxe6 39. Qxe6+ Kh8 40. Qf6+ Qxf6 41. Rxf6 1-0

[Event "GER-ch U12"]
[Site "Magdeburg"]
[Date "2014.06.09"]
[Round "4"]
[White "Wenzel, Calvin"]
[Black "Kurzweil, Naemi"]
[Result "1-0"]
[WhiteElo "1432"]
[BlackElo "1231"]
[PlyCount "81"]
[EventDate "2014.06.08"]
[EventType "swiss"]
[EventRounds "11"]
[EventCountry "GER"]
[SourceTitle "CBM 160 Extra"]
[Source "ChessBase"]
[SourceDate "2014.07.01"]
[SourceVersion "1"]
[SourceVersionDate "2014.07.01"]
[SourceQuality "1"]

1. e4 c5 2. Nc3 Nc6 3. Bb5 a6 4. Bxc6 dxc6 5. Nf3 Bg4 6. a4 Qc7 7. d3 e5 8. a5 Nf6 9. Be3 Be7 10. h3 Be6 11. Ng5 Qd7 12. Na4 Qc7 13. Nxe6 fxe6 14. Nxc5 Qd6 15. Nb3 Qb4+ 16. Qd2 Qd6 17. Bc5 Qd7 18. Bxe7 Qxe7 19. Qc3 Qc7 20. Nc5 Qd6 21. Nxb7 Qe7 22. Qxc6+ Kf7 23. Nd6+ Kg6 24. Nc4 Qb4+ 25. c3 Qb8 26. Qxe6 Rd8 27. Nxe5+ Kh6 28. Nf7+ Kg6 29. Nxd8 Qxd8 30. Qc4 Rb8 31. Qxa6 Rxb2 32. e5 Qc7 33. 0-0 Qxe5 34. d4 Qg5 35. Qd3+ Kh6 36. Qe3 Qxe3 37. fxe3 Ne4 38. a6 Rb8 39. a7 Ra8 40. Rfb1 Nxc3 41. Rb8 1-0

[Event "GER-chT U10"]
[Site "Magdeburg"]
[Date "2013.12.27"]
[Round "2.2"]
[White "Grube, Olaf"]
[Black "Kurzweil, Naemi"]
[Result "1-0"]
[WhiteElo "1224"]
[BlackElo "1025"]
[PlyCount "141"]
[EventDate "2013.12.27"]
[EventType "team-swiss"]
[EventRounds "5"]
[EventCountry "GER"]
[SourceTitle "EXT 2015"]
[Source "ChessBase"]
[SourceDate "2014.11.20"]
[SourceVersion "1"]
[SourceVersionDate "2014.11.20"]
[SourceQuality "1"]
[WhiteTeam "Bernhausen"]
[BlackTeam "Ruedersdorf"]
[WhiteTeamCountry "GER"]
[BlackTeamCountry "GER"]

1. e4 e5 2. Nf3 Nc6 3. Bb5 Nf6 4. 0-0 Bc5 5. d3 a6 6. Ba4 b5 7. Bb3 d6 8. Bg5 Bg4 9. h3 Bh5 10. Bd5 Qd7 11. Bxf6 gxf6 12. Nxe5 fxe5 13. Qxh5 Bd4 14. Nc3 b4 15. Na4 0-0-0 16. Qxf7 Qe8 17. Qxe8 Rdxe8 18. Bxc6 Re7 19. c3 Ba7 20. cxb4 Rg7 21. Bd5 Rf8 22. Nc3 Rf3 23. Be6+ Kb8 24. Bg4 Rxd3 25. b5 Rg3 26. Kh1 Rd3 27. Rfd1 Rxd1+ 28. Rxd1 Bxf2 29. bxa6 Bd4 30. a7+ Bxa7 31. Nb5 Kb7 32. Nxa7 Kxa7 33. b4 Rf7 34. a4 Rf4 35. Bf3 h5 36. Rf1 h4 37. a5 Ka6 38. Be2+ Kb7 39. Rxf4 exf4 40. Bf3 Kc8 41. a6 Kb8 42. b5 Ka7 43. Kg1 Kb6 44. Kf2 Ka7 45. Ke2 Kb6 46. Kd3 c6 47. a7 Kxa7 48. bxc6 Kb6 49. Kd4 Kxc6 50. e5+ Kd7 51. exd6 Kxd6 52. Ke4 Ke6 53. Kxf4 Kf6 54. Kg4 Kg6 55. Kxh4 Kf5 56. g4+ Kf4 57. g5 Kxf3 58. g6 Kf4 59. g7 Kf5 60. g8Q Ke5 61. Kg4 Kd4 62. h4 Ke5 63. h5 Kd4 64. h6 Ke5 65. h7 Ke4 66. h8Q Kd3 67. Qhh7+ Ke3 68. Qe7+ Kf2 69. Qgf8+ Kg2 70. Qe2+ Kg1 71. Qff1# 1-0

[Event "GER-ch U10"]
[Site "Oberhof"]
[Date "2013.05.25"]
[Round "11"]
[White "Schmidtmann, Kimberly"]
[Black "Kurzweil, Naemi"]
[Result "0-1"]
[WhiteElo "950"]
[BlackElo "980"]
[PlyCount "34"]
[EventDate "2013.05.19"]
[EventType "swiss"]
[EventRounds "11"]
[EventCountry "GER"]
[SourceTitle "CBM 154 Extra"]
[Source "ChessBase"]
[SourceDate "2013.06.25"]
[SourceVersion "2"]
[SourceVersionDate "2013.06.25"]
[SourceQuality "1"]

1. e4 e5 2. Nf3 Nc6 3. Bc4 Nf6 4. Ng5 d5 5. exd5 Na5 6. d3 Bc5 7. Nc3 Bf5 8. d6 Nxc4 9. dxc7 Qxc7 10. dxc4 Rd8 11. Nd5 Nxd5 12. cxd5 Qb6 13. 0-0 Qg6 14. Re1 Qf6 15. c4 Bg6 16. Qb3 Qxf2+ 17. Kh1 Qxe1# 0-1

[Event "GER-ch U10"]
[Site "Oberhof"]
[Date "2013.05.23"]
[Round "8"]
[White "Kurzweil, Naemi"]
[Black "Schumacher, Simon"]
[Result "0-1"]
[WhiteElo "980"]
[BlackElo "1156"]
[PlyCount "134"]
[EventDate "2013.05.19"]
[EventType "swiss"]
[EventRounds "11"]
[EventCountry "GER"]
[SourceTitle "CBM 154 Extra"]
[Source "ChessBase"]
[SourceDate "2013.06.25"]
[SourceVersion "2"]
[SourceVersionDate "2013.06.25"]
[SourceQuality "1"]

1. e4 d5 2. exd5 Qxd5 3. Nc3 Qa5 4. Bc4 Bf5 5. d4 c6 6. Bf4 Nf6 7. Nf3 e6 8. a3 Nbd7 9. Ne5 Nxe5 10. dxe5 Ne4 11. 0-0 Nxc3 12. bxc3 Qxc3 13. Bb3 Rd8 14. Qe2 Be7 15. Kh1 Qd4 16. Bg3 Bg5 17. Rfe1 0-0 18. h3 Qc3 19. Rad1 a5 20. a4 Rd2 21. Qh5 Rxd1 22. Rxd1 h6 23. Bh4 Bxc2 24. Bxc2 Qxc2 25. Rg1 Qxa4 26. Bxg5 hxg5 27. Qxg5 b5 28. g4 Qe4+ 29. Rg2 Qe1+ 30. Kh2 Qd1 31. h4 Qd8 32. Qh5 f6 33. g5 fxg5 34. hxg5 Rf5 35. Qg6 Qd5 36. Qe8+ Rf8 37. Qh5 Qxe5+ 38. Kh3 Qf5+ 39. Kh2 Qh7 40. Qxh7+ Kxh7 41. g6+ Kg8 42. Kg1 a4 43. Rh2 a3 44. Rh3 b4 45. Rb3 a2 46. Rxb4 a1Q+ 47. Kg2 Rxf2+ 48. Kxf2 Qa2+ 49. Kf1 Kf8 50. Rb8+ Ke7 51. Rb7+ Kd6 52. Rxg7 Qc4+ 53. Kg2 Qg4+ 54. Kf2 Qd4+ 55. Kf3 Qxg7 56. Ke4 Qxg6+ 57. Kf4 Qf5+ 58. Ke3 e5 59. Kd2 e4 60. Ke2 Qf3+ 61. Kd2 Qd3+ 62. Ke1 Qc2 63. Kf1 e3 64. Kg1 e2 65. Kh2 Qd3 66. Kg2 e1Q 67. Kh2 Qdg3# 0-1

[Event "GER-ch U10"]
[Site "Oberhof"]
[Date "2013.05.22"]
[Round "6"]
[White "Khamenya, Vitalia"]
[Black "Kurzweil, Naemi"]
[Result "0-1"]
[WhiteElo "1210"]
[BlackElo "980"]
[PlyCount "66"]
[EventDate "2013.05.19"]
[EventType "swiss"]
[EventRounds "11"]
[EventCountry "GER"]
[SourceTitle "CBM 154 Extra"]
[Source "ChessBase"]
[SourceDate "2013.06.25"]
[SourceVersion "2"]
[SourceVersionDate "2013.06.25"]
[SourceQuality "1"]

1. e4 e5 2. Nf3 Nc6 3. Bc4 Bc5 4. b4 Bxb4 5. c3 Bc5 6. d4 Bb6 7. 0-0 d6 8. Bb2 Bg4 9. h3 Bh5 10. Bb5 a6 11. Ba4 Kf8 12. Bxc6 bxc6 13. Nbd2 Ne7 14. Qb3 Rb8 15. Qc2 Ng6 16. g4 Nf4 17. gxh5 Nxh3+ 18. Kh2 Nf4 19. Nc4 Qd7 20. Ng1 Qg4 21. Ne3 Qh4+ 22. Nh3 Qxh3+ 23. Kg1 g6 24. f3 Qg3+ 25. Ng2 gxh5 26. Qf2 Nh3+ 27. Kh1 Nxf2+ 28. Rxf2 Qxf2 29. Ba3 Rg8 30. Rg1 Qxf3 31. Kh2 Rg3 32. Bxd6+ cxd6 33. Rh1 Qxg2# 0-1

[Event "GER-ch U10"]
[Site "Oberhof"]
[Date "2013.05.19"]
[Round "2"]
[White "Kurzweil, Naemi"]
[Black "Hinrichs, Paul"]
[Result "0-1"]
[WhiteElo "980"]
[BlackElo "1177"]
[PlyCount "126"]
[EventDate "2013.05.19"]
[EventType "swiss"]
[EventRounds "11"]
[EventCountry "GER"]
[SourceTitle "CBM 154 Extra"]
[Source "ChessBase"]
[SourceDate "2013.06.25"]
[SourceVersion "2"]
[SourceVersionDate "2013.06.25"]
[SourceQuality "1"]

1. e4 e5 2. Nf3 Nc6 3. d4 exd4 4. Nxd4 Nf6 5. Nc3 Bb4 6. Bd3 Nxd4 7. Bc4 Bxc3+ 8. bxc3 Qe7 9. Qxd4 Qxe4+ 10. Qxe4+ Nxe4 11. Bb2 0-0 12. Bd5 Nf6 13. Bc4 d5 14. Bd3 Re8+ 15. Be2 Nh5 16. Rd1 Nf4 17. Rd2 Nxg2+ 18. Kd1 Nf4 19. Rg1 Nh3 20. Rf1 Bf5 21. Bb5 c6 22. Bd3 Re5 23. Bxf5 Rxf5 24. Re2 h6 25. Ba3 Rd8 26. Bc5 b6 27. Bb4 c5 28. Ba3 d4 29. Rd2 Rf3 30. Bb2 Nxf2+ 31. Ke2 Rh3 32. Rxf2 Re8+ 33. Kd1 dxc3 34. Bxc3 Rxc3 35. Rd7 f6 36. Rg2 g5 37. Rf2 Rf8 38. Rd6 Kg7 39. Rd7+ Rf7 40. Rfd2 Ra3 41. Rxf7+ Kxf7 42. c4 Rc3 43. Rd7+ Ke6 44. Rxa7 Rxc4 45. Ra6 Rb4 46. a3 Rb5 47. Kc2 f5 48. Kc3 Kd5 49. Ra7 f4 50. Rd7+ Kc6 51. Rf7 Kd5 52. Rf6 c4 53. Rf5+ Kc6 54. Rf6+ Kd7 55. Rxh6 f3 56. Rf6 Ke7 57. Rc6 f2 58. Rc7+ Ke6 59. Rc6+ Ke5 60. Rc8 f1Q 61. Re8+ Kd6 62. Rd8+ Ke7 63. Rd4 Qc1# 0-1